[Event "HUN-chT2 Toth 1718"]
[Site "Hungary"]
[Date "2018.03.04"]
[Round "9.8"]
[White "Bor, Ferenc"]
[Black "Pasztorcsik, Janos"]
[Result "1-0"]
[WhiteElo "1883"]
[BlackElo "2007"]
[PlyCount "83"]
[EventDate "2017.09.24"]
[EventType "team-tourn"]
[EventRounds "11"]
[EventCountry "HUN"]
[SourceTitle "EXT 2021"]
[Source "ChessBase"]
[SourceDate "2020.10.23"]
[SourceVersion "1"]
[SourceVersionDate "2020.10.23"]
[SourceQuality "1"]
[WhiteTeam "Felegyhaza Csongrad"]
[BlackTeam "Oroshaza"]
[WhiteTeamCountry "HUN"]
[BlackTeamCountry "HUN"]

1. e4 c5 2. Nf3 Nc6 3. d4 cxd4 4. Nxd4 e5 5. Nb5 a6 6. Nd6+ Bxd6 7. Qxd6 Qf6 8. Qxf6 Nxf6 9. f3 d5 10. exd5 Nxd5 11. Bd2 Ncb4 12. Na3 Bf5 13. c4 Nxa2 14. Rxa2 Ne7 15. Bc3 f6 16. b4 Kf7 17. g4 Be6 18. Rd2 Rhc8 19. h3 Ng6 20. Rd6 Rd8 21. Rxd8 Rxd8 22. Rh2 Nf4 23. Rd2 Ke7 24. Rxd8 Kxd8 25. Kd2 Kc7 26. Ke3 Kc6 27. Ke4 Bf7 28. h4 h6 29. g5 Bg6+ 30. Ke3 hxg5 31. hxg5 Kd6 32. gxf6 gxf6 33. c5+ Kc6 34. Be1 Nd5+ 35. Kf2 Nf4 36. Nc4 Nd5 37. Nd6 b6 38. Bxa6 bxc5 39. bxc5 Kxc5 40. Ne4+ Kd4 41. Nd2 f5 42. Nb3# 1-0

[Event "HUN-chT2 Toth 1516"]
[Site "Hungary"]
[Date "2015.12.06"]
[Round "6.7"]
[White "Tornyai, Jeno"]
[Black "Bor, Ferenc"]
[Result "1-0"]
[WhiteElo "1931"]
[BlackElo "1893"]
[PlyCount "90"]
[EventDate "2015.09.13"]
[EventType "team-tourn"]
[EventRounds "11"]
[EventCountry "HUN"]
[SourceTitle "CBM 170 Extra"]
[Source "ChessBase"]
[SourceDate "2016.02.25"]
[SourceVersion "1"]
[SourceVersionDate "2016.02.25"]
[SourceQuality "1"]
[WhiteTeam "Maroczy II"]
[BlackTeam "Felegyhaza Csongrad"]
[WhiteTeamCountry "HUN"]
[BlackTeamCountry "HUN"]

1. d4 Nf6 2. Nc3 d5 3. Bg5 Ne4 4. Nxe4 dxe4 5. e3 Qd5 6. Bf4 c6 7. Ne2 e6 8. a3 Qa5+ 9. b4 Qb6 10. Nc3 f5 11. Na4 Qd8 12. Be2 Nd7 13. Nc5 Nf6 14. Bg5 a5 15. Bc4 Qe7 16. c3 h6 17. Bh4 b6 18. Nb3 a4 19. Nd2 g5 20. Bg3 Nd5 21. Rc1 b5 22. Be2 f4 23. exf4 gxf4 24. c4 bxc4 25. Bxc4 fxg3 26. hxg3 e3 27. Ne4 exf2+ 28. Kxf2 Qf7+ 29. Kg1 Bd7 30. Be2 Qf5 31. Bd3 Qf7 32. Qc2 Qg7 33. Nc5 Qxd4+ 34. Kh2 Bxc5 35. bxc5 Ke7 36. Rhe1 Ne3 37. Qe2 Ng4+ 38. Kh1 Nf2+ 39. Kh2 Nxd3 40. Rcd1 Qxc5 41. Rxd3 Qf5 42. Rf1 Qg5 43. Qd1 Be8 44. Qa1 Bg6 45. Qg7+ Bf7 1-0

[Event "HUN-chT2 Toth 1415"]
[Site "Hungary"]
[Date "2015.03.01"]
[Round "9.7"]
[White "Bor, Ferenc"]
[Black "Petro, Jozsef"]
[Result "0-1"]
[WhiteElo "1895"]
[BlackElo "2052"]
[PlyCount "82"]
[EventDate "2014.09.07"]
[EventType "team-tourn"]
[EventRounds "11"]
[EventCountry "HUN"]
[SourceTitle "EXT 2016"]
[Source "ChessBase"]
[SourceDate "2015.10.08"]
[SourceVersion "1"]
[SourceVersionDate "2015.10.08"]
[SourceQuality "1"]
[WhiteTeam "Felegyhaza Csongrad"]
[BlackTeam "Bekes"]
[WhiteTeamCountry "HUN"]
[BlackTeamCountry "HUN"]

1. e4 c6 2. d4 g6 3. c4 Bg7 4. Nc3 d6 5. Be3 Nf6 6. f3 0-0 7. Qd2 a5 8. g4 e5 9. h4 Qc7 10. dxe5 dxe5 11. 0-0-0 Na6 12. h5 Be6 13. Qf2 Rfd8 14. Bb6 Rxd1+ 15. Nxd1 Qd7 16. hxg6 fxg6 17. a3 Rf8 18. Qe1 Qf7 19. Ne3 a4 20. Qh4 Bh8 21. Nh3 Nd7 22. Ng5 Bf6 23. Nxf7 Bxh4 24. Nh6+ Kg7 25. Rxh4 Nxb6 26. Be2 Nc5 27. g5 Nb3+ 28. Kd1 Nd4 29. Neg4 Nxe2 30. Kxe2 Bxc4+ 31. Ke3 Nd7 32. Rh2 Re8 33. Rd2 Be6 34. f4 exf4+ 35. Kxf4 Rf8+ 36. Kg3 Rf1 37. Rd6 Nc5 38. Kg2 Rf4 39. Nf6 Rxf6 40. gxf6+ Kxf6 41. Ng4+ Ke7 0-1

[Event "HUN-chT2 Toth 1415"]
[Site "Hungary"]
[Date "2014.09.07"]
[Round "1.8"]
[White "Bor, Ferenc"]
[Black "Farkas, Lorinc"]
[Result "1/2-1/2"]
[WhiteElo "1895"]
[BlackElo "1827"]
[PlyCount "64"]
[EventDate "2014.09.07"]
[EventType "team-tourn"]
[EventRounds "11"]
[EventCountry "HUN"]
[SourceTitle "EXT 2016"]
[Source "ChessBase"]
[SourceDate "2015.10.08"]
[SourceVersion "1"]
[SourceVersionDate "2015.10.08"]
[SourceQuality "1"]
[WhiteTeam "Felegyhaza Csongrad"]
[BlackTeam "Gyula"]
[WhiteTeamCountry "HUN"]
[BlackTeamCountry "HUN"]

1. e4 d6 2. d4 g6 3. c4 Bg7 4. Be3 c6 5. Nc3 a6 6. Qd2 b5 7. a3 bxc4 8. Bxc4 Nd7 9. Nge2 d5 10. exd5 Nb6 11. Ba2 cxd5 12. b3 e6 13. a4 Bd7 14. Bb1 Nc8 15. 0-0 Nf6 16. f3 0-0 17. Bc2 Re8 18. Bg5 Ne7 19. Kh1 Qa5 20. Qf4 Nh5 21. Qd6 Bf8 22. g4 Ng7 23. b4 Qd8 24. b5 Nc8 25. Qe5 Be7 26. Bxe7 Qxe7 27. Bd3 a5 28. Rfc1 f6 29. Qg3 Nb6 30. Qc7 Reb8 31. Qc5 Qd8 32. Kg2 Ne8 1/2-1/2

[Event "HUN-chT2 Toth 1314"]
[Site "Hungary"]
[Date "2013.09.08"]
[Round "1.7"]
[White "Lorinczy, Laszlo"]
[Black "Bor, Ferenc"]
[Result "0-1"]
[WhiteElo "1876"]
[BlackElo "1873"]
[PlyCount "76"]
[EventDate "2013.09.08"]
[EventType "team-tourn"]
[EventRounds "11"]
[EventCountry "HUN"]
[SourceTitle "EXT 2016"]
[Source "ChessBase"]
[SourceDate "2015.10.08"]
[SourceVersion "1"]
[SourceVersionDate "2015.10.08"]
[SourceQuality "1"]
[WhiteTeam "Abony"]
[BlackTeam "Csongrad Felegyhaza"]
[WhiteTeamCountry "HUN"]
[BlackTeamCountry "HUN"]

1. e4 e6 2. d4 d5 3. Nc3 Bb4 4. e5 Nc6 5. Nf3 h6 6. Bd3 a6 7. a3 Ba5 8. b4 Bb6 9. Be3 Qe7 10. Na4 Ba7 11. Nc5 Bb8 12. Qd2 b6 13. Nb3 Bd7 14. 0-0 a5 15. b5 Na7 16. a4 c6 17. c4 dxc4 18. bxc6 Nxc6 19. Bxc4 Qb4 20. Qd3 Qe7 21. Rfd1 Nb4 22. Qe2 Nd5 23. Bd2 Ra7 24. Bb5 g5 25. Rdc1 Qd8 26. Rc2 Rc7 27. Rac1 Rxc2 28. Rxc2 Nge7 29. h3 Bxb5 30. Qxb5+ Qd7 31. Qxd7+ Kxd7 32. Kf1 f6 33. exf6 Nxf6 34. Ne5+ Bxe5 35. dxe5 Ne4 36. Be3 Nd5 37. Bc1 Nec3 38. Nd2 Nxa4 0-1

[Event "HUN-chT2 Toth 1112"]
[Site "Hungary"]
[Date "2012.05.20"]
[Round "11.7"]
[White "Revesz, Bela"]
[Black "Bor, Ferenc"]
[Result "1-0"]
[WhiteElo "1945"]
[BlackElo "1944"]
[PlyCount "113"]
[EventDate "2011.09.25"]
[EventType "team-tourn"]
[EventRounds "11"]
[EventCountry "HUN"]
[SourceTitle "EXT 2013"]
[Source "ChessBase"]
[SourceDate "2012.11.22"]
[SourceVersion "1"]
[SourceVersionDate "2012.11.22"]
[SourceQuality "1"]
[WhiteTeam "Bekes"]
[BlackTeam "KHTK"]
[WhiteTeamCountry "HUN"]
[BlackTeamCountry "HUN"]

1. e4 e6 2. d4 d5 3. Nc3 Bb4 4. e5 Ne7 5. a3 Bxc3+ 6. bxc3 c5 7. Qg4 Ng6 8. h4 h5 9. Qg3 c4 10. Nf3 Qa5 11. Ng5 Nc6 12. Bd2 Qa4 13. Kd1 Qb5 14. Bc1 Nce7 15. Nh3 f6 16. exf6 gxf6 17. Nf4 Kf7 18. Nxg6 Nxg6 19. Qc7+ Qd7 20. Qxd7+ Bxd7 21. Be2 e5 22. g3 e4 23. a4 a5 24. Be3 Nf8 25. Kd2 b5 26. axb5 Bxb5 27. Rhb1 Bd7 28. Bf4 Ne6 29. Bd6 Nd8 30. Rb6 a4 31. Ba3 Nc6 32. Rab1 f5 33. Ke3 Kg6 34. R1b5 Rab8 35. Rxb8 Rxb8 36. Rxd5 Be8 37. Bxc4 Nd8 38. Rd6+ Kg7 39. Ba2 Nf7 40. Ra6 Nh6 41. c4 Ng4+ 42. Ke2 Bf7 43. Rxa4 Re8 44. Bc1 Rc8 45. Ra7 Kg6 46. c5 Be8 47. Bf4 Nh2 48. Ra6+ Kh7 49. Rf6 Nf3 50. Ke3 Ra8 51. Bb3 Bg6 52. c6 Ra1 53. Bb8 f4+ 54. Kxf4 Nxd4 55. c7 Rf1 56. Rxg6 Rxf2+ 57. Kxe4 1-0

[Event "HUN-chT2 Toth 1112"]
[Site "Hungary"]
[Date "2012.03.11"]
[Round "7.8"]
[White "Gazsovics, Bela"]
[Black "Bor, Ferenc"]
[Result "1-0"]
[WhiteElo "1809"]
[BlackElo "1944"]
[PlyCount "137"]
[EventDate "2011.09.25"]
[EventType "team-tourn"]
[EventRounds "11"]
[EventCountry "HUN"]
[SourceTitle "EXT 2013"]
[Source "ChessBase"]
[SourceDate "2012.11.22"]
[SourceVersion "1"]
[SourceVersionDate "2012.11.22"]
[SourceQuality "1"]
[WhiteTeam "Keviterv"]
[BlackTeam "KHTK"]
[WhiteTeamCountry "HUN"]
[BlackTeamCountry "HUN"]

1. e4 c5 2. f4 d5 3. e5 Bf5 4. Nf3 Qb6 5. d4 e6 6. c3 Nc6 7. Qb3 Qc7 8. Nbd2 f6 9. Bb5 c4 10. Qa4 a6 11. 0-0 Qb6 12. Bxc6+ bxc6 13. Nh4 Bd3 14. Rf3 g5 15. fxg5 fxg5 16. Rxd3 cxd3 17. Nhf3 Be7 18. Qd1 h5 19. Nb3 g4 20. Ng5 Kd7 21. Qxd3 Rf8 22. Qg6 Rh6 23. Qg7 Ke8 24. Nh7 Rxh7 25. Qxh7 Qb5 26. Qxh5+ Kd7 27. Bd2 c5 28. Qxg4 Qd3 29. dxc5 Kd8 30. Qxe6 Bh4 31. Qd6+ Ke8 32. Qb8+ Ke7 33. Qc7+ Ke8 34. e6 Bf2+ 35. Kh1 Nf6 36. Bg5 Qe2 37. Qc6+ Ke7 38. Bxf6+ Rxf6 39. Qd7+ Kf8 40. e7+ Qxe7 41. Qxe7+ Kxe7 42. Nd4 Kd7 43. Rd1 Kc7 44. g3 Be3 45. Kg2 Rf2+ 46. Kh3 Rxb2 47. Re1 Bxd4 48. cxd4 Rd2 49. Re6 a5 50. Ra6 Rxd4 51. Rxa5 Rc4 52. Ra3 d4 53. Rd3 Kc6 54. Kg4 Kd5 55. Kf4 Rxc5 56. g4 Rc2 57. h4 Rf2+ 58. Kg5 Rxa2 59. h5 Ke4 60. Rd1 Ra5+ 61. Kh4 d3 62. h6 Ke3 63. g5 Ra2 64. Kh5 Rh2+ 65. Kg6 d2 66. h7 Ke2 67. Rxd2+ Kxd2 68. Kg7 Rh5 69. g6 1-0

[Event "HUN-chT2 Toth 1112"]
[Site "Hungary"]
[Date "2012.01.29"]
[Round "5.8"]
[White "Feichter, Erno"]
[Black "Bor, Ferenc"]
[Result "0-1"]
[WhiteElo "1923"]
[BlackElo "1944"]
[PlyCount "53"]
[EventDate "2011.09.25"]
[EventType "team-tourn"]
[EventRounds "11"]
[EventCountry "HUN"]
[SourceTitle "EXT 2013"]
[Source "ChessBase"]
[SourceDate "2012.11.22"]
[SourceVersion "1"]
[SourceVersionDate "2012.11.22"]
[SourceQuality "1"]
[WhiteTeam "Abony"]
[BlackTeam "KHTK"]
[WhiteTeamCountry "HUN"]
[BlackTeamCountry "HUN"]

1. e4 e6 2. d4 d5 3. e5 c5 4. c3 Nc6 5. Be3 Qb6 6. Qd2 f6 7. f4 Bd7 8. Nf3 0-0-0 9. Be2 c4 10. 0-0 h6 11. Na3 Bxa3 12. bxa3 Qa6 13. Qb2 g5 14. exf6 gxf4 15. Bxf4 Nxf6 16. Ne5 Ne4 17. Nf7 Qa5 18. Rac1 Rh7 19. Nxd8 Kxd8 20. Bh5 Rg7 21. Bf3 Ng5 22. Bg3 Nxf3+ 23. gxf3 b6 24. Rfe1 Be8 25. Rxe6 Kd7 26. Rxh6 Bg6 27. Rh4 0-1

[Event "Lakitelek Magyarok op"]
[Site "Lakitelek"]
[Date "2011.08.10"]
[Round "6"]
[White "Kovacs, Milan"]
[Black "Bor, Ferenc"]
[Result "0-1"]
[WhiteElo "1829"]
[BlackElo "1927"]
[PlyCount "92"]
[EventDate "2011.08.06"]
[EventType "swiss"]
[EventRounds "9"]
[EventCountry "HUN"]
[SourceTitle "CBM 144 Extra"]
[Source "ChessBase"]
[SourceDate "2011.10.28"]
[SourceVersion "1"]
[SourceVersionDate "2011.10.28"]
[SourceQuality "1"]

1. e4 c5 2. Nc3 Nc6 3. g3 g6 4. Bg2 Bg7 5. f4 e6 6. d3 Nge7 7. Nf3 a6 8. Be3 Nd4 9. a4 Qb6 10. Rb1 0-0 11. 0-0 d5 12. e5 Nxf3+ 13. Qxf3 d4 14. Bf2 dxc3 15. bxc3 Qa5 16. Qe2 f6 17. Bxb7 Bxb7 18. Rxb7 Nd5 19. c4 Nb4 20. exf6 Rxf6 21. Qe1 Qxa4 22. Qe4 Rc8 23. c3 Na2 24. Qe5 Qc6 25. Rb8 Rff8 26. Rxc8 Rxc8 27. Qe3 Nxc3 28. Re1 Re8 29. Qxc5 Qxc5 30. Bxc5 Kf7 31. Kf2 Rd8 32. Ke3 Na4 33. Ba7 Rd7 34. Bb8 Bd4+ 35. Ke2 Rb7 36. Be5 Rb2+ 37. Kf3 Rf2+ 38. Kg4 h5+ 39. Kh3 Bxe5 40. Rxe5 Nb2 41. Ra5 Rd2 42. Rxa6 Rxd3 43. c5 Rc3 44. c6 Nd3 45. Ra7+ Kf6 46. c7 Nxf4+ 0-1

[Event "Lakitelek Magyarok op"]
[Site "Lakitelek"]
[Date "2011.08.08"]
[Round "4"]
[White "Csuri, Szilveszter"]
[Black "Bor, Ferenc"]
[Result "0-1"]
[WhiteElo "2043"]
[BlackElo "1927"]
[PlyCount "120"]
[EventDate "2011.08.06"]
[EventType "swiss"]
[EventRounds "9"]
[EventCountry "HUN"]
[SourceTitle "CBM 144 Extra"]
[Source "ChessBase"]
[SourceDate "2011.10.28"]
[SourceVersion "1"]
[SourceVersionDate "2011.10.28"]
[SourceQuality "1"]

1. c4 c5 2. Nc3 g6 3. g3 Bg7 4. Bg2 Nc6 5. e3 Nf6 6. Nge2 d6 7. d4 cxd4 8. exd4 0-0 9. 0-0 Qb6 10. h3 e5 11. d5 Ne7 12. b3 a6 13. a4 Qc7 14. Ra2 Bd7 15. Ba3 Nc8 16. Qd2 Rb8 17. Rc1 b6 18. Nd1 a5 19. Nec3 Ne8 20. Nb5 Qd8 21. f3 h5 22. Nf2 Kh7 23. Re1 f5 24. Bc1 Nf6 25. Qe2 Ng8 26. Ba3 Be8 27. Bc1 Rb7 28. Kh2 Bf6 29. Bd2 Re7 30. b4 f4 31. g4 Bh4 32. Rf1 Nf6 33. Ne4 Nxe4 34. Qxe4 hxg4 35. fxg4 Bg3+ 36. Kg1 Bd7 37. Be1 Bxe1 38. Qxe1 Bxb5 39. cxb5 axb4 40. Qxb4 Qc7 41. Qe4 Qc5+ 42. Kh1 Rc7 43. Raa1 Qc2 44. Qe1 Qd3 45. Be4 Qxh3+ 46. Kg1 Qxg4+ 47. Kf2 Qg3+ 48. Ke2 Qe3+ 49. Kd1 Qb3+ 50. Ke2 Qb2+ 51. Kf3 Rc3+ 52. Kg4 Rg3+ 53. Qxg3 fxg3 54. Rxf8 Qxa1 55. Rxc8 Qxa4 56. Kf3 g2 57. Bc2 Qxc2 58. Rxc2 g1Q 59. Rc6 Qh1+ 60. Kg4 Qxd5 0-1

[Event "HUN-chT2 Toth 1011"]
[Site "Hungary"]
[Date "2011.05.01"]
[Round "10.6"]
[White "Pinczes, Gyula"]
[Black "Bor, Ferenc"]
[Result "1/2-1/2"]
[WhiteElo "1856"]
[BlackElo "1947"]
[PlyCount "127"]
[EventDate "2010.09.12"]
[EventType "team-tourn"]
[EventRounds "11"]
[EventCountry "HUN"]
[SourceTitle "EXT 2012"]
[Source "ChessBase"]
[SourceDate "2011.11.24"]
[SourceVersion "1"]
[SourceVersionDate "2011.11.24"]
[SourceQuality "1"]
[WhiteTeam "Nadudvar"]
[BlackTeam "Csongrad Felegyhaza"]
[WhiteTeamCountry "HUN"]
[BlackTeamCountry "HUN"]

1. d4 Nf6 2. Nf3 e6 3. c4 c5 4. e3 d5 5. Nc3 cxd4 6. exd4 Bb4 7. a3 Bxc3+ 8. bxc3 Ne4 9. Qc2 0-0 10. Bd3 f5 11. Ne5 Nc6 12. Nxc6 bxc6 13. 0-0 Ba6 14. c5 Bxd3 15. Qxd3 Qa5 16. f3 Qxc3 17. Qxc3 Nxc3 18. Re1 Kf7 19. Bf4 Nb5 20. Be5 a6 21. a4 Na7 22. Rab1 Rfe8 23. Rb7+ Re7 24. Reb1 Nc8 25. Kf2 Ra7 26. Rb8 Re8 27. Ke2 g6 28. Kd3 a5 29. R1b7+ Rxb7 30. Rxb7+ Re7 31. Rxe7+ Kxe7 32. Bc7 Kd7 33. Bxa5 Ne7 34. Ke3 g5 35. Bb6 Ng6 36. g3 e5 37. a5 h5 38. a6 Kc8 39. Bd8 f4+ 40. gxf4 exf4+ 41. Kf2 g4 42. Kg2 Nf8 43. Bf6 Kb8 44. Be5+ Ka7 45. Bxf4 gxf3+ 46. Kxf3 Kxa6 47. Be5 Ne6 48. Bf6 Kb5 49. Ke3 Kc4 50. Be5 Kc3 51. Bf6 Kc4 52. Be5 h4 53. Bf6 h3 54. Bh8 Ng5 55. Bf6 Ne4 56. Be5 Nc3 57. Kd2 Ne4+ 58. Ke3 Kc3 59. Bf4 Nd2 60. Kf2 Ne4+ 61. Ke3 Kc4 62. Bd6 Ng5 63. Be5 Ne6 64. Bf6 1/2-1/2

[Event "HUN-chT2 Toth 1011"]
[Site "Hungary"]
[Date "2010.10.10"]
[Round "3.5"]
[White "Bor, Ferenc"]
[Black "Egyed, Gabor"]
[Result "1-0"]
[WhiteElo "1947"]
[BlackElo "1950"]
[PlyCount "160"]
[EventDate "2010.09.12"]
[EventType "team-tourn"]
[EventRounds "11"]
[EventCountry "HUN"]
[SourceTitle "EXT 2012"]
[Source "ChessBase"]
[SourceDate "2011.11.24"]
[SourceVersion "1"]
[SourceVersionDate "2011.11.24"]
[SourceQuality "1"]
[WhiteTeam "Csongrad Felegyhaza"]
[BlackTeam "Karcag"]
[WhiteTeamCountry "HUN"]
[BlackTeamCountry "HUN"]

1. e4 c5 2. Nf3 d6 3. d4 cxd4 4. Nxd4 g6 5. Nc3 Bg7 6. Bc4 Nc6 7. Be3 Nf6 8. f3 0-0 9. Qd2 Nd7 10. 0-0-0 Nb6 11. Bb3 Na5 12. Kb1 Nbc4 13. Qe2 Nxe3 14. Qxe3 Nxb3 15. Nxb3 Bd7 16. g4 b5 17. h4 a5 18. h5 a4 19. Nd4 b4 20. Nd5 b3 21. cxb3 axb3 22. Nxb3 Be6 23. Rd2 Bxd5 24. exd5 Qd7 25. Re2 Qa4 26. Nc1 Rfb8 27. hxg6 hxg6 28. Rhh2 Rb7 29. Rc2 Rab8 30. Qe4 Qb5 31. Nd3 Qb6 32. Rhg2 Ra8 33. Rc6 Qb5 34. Qc4 Qxc4 35. Rxc4 Ra5 36. Nb4 g5 37. Re2 Rab5 38. Rc8+ Kh7 39. a3 Be5 40. Rc6 Kg7 41. Kc2 Kf6 42. Re4 Rb8 43. Re2 Rh8 44. Kd3 Rh1 45. Kc4 Rb7 46. Nd3 Bg3 47. b4 Ra7 48. Nc5 Kg7 49. Ne4 Bf4 50. Kb3 Rb1+ 51. Rb2 Ra1 52. Ra2 Rf1 53. Rc3 Rb1+ 54. Kc2 Rxb4 55. axb4 Rxa2+ 56. Kb3 Ra1 57. Kc4 Be5 58. Rb3 f6 59. b5 Rc1+ 60. Nc3 e6 61. dxe6 d5+ 62. Kd3 d4 63. Ne4 Re1 64. b6 Re3+ 65. Kc4 Rxb3 66. Kxb3 Kf8 67. Nc5 Ke7 68. Kc4 Ke8 69. b7 Kd8 70. Nd7 Bc7 71. Kxd4 Ke7 72. Kd5 Bg3 73. Nc5 Bf4 74. Na6 Be5 75. Nb4 Bf4 76. Nc6+ Ke8 77. b8Q+ Bxb8 78. Nxb8 Ke7 79. Nc6+ Ke8 80. Kd6 f5 1-0

[Event "HUN-chT2 Toth 0910"]
[Site "Hungary"]
[Date "2010.02.28"]
[Round "7.4"]
[White "Stanciu, Alexandru Ovidiu"]
[Black "Bor, Ferenc"]
[Result "1-0"]
[WhiteElo "2179"]
[BlackElo "2025"]
[PlyCount "55"]
[EventDate "2009.11.08"]
[EventType "team-tourn"]
[EventRounds "11"]
[EventCountry "HUN"]
[SourceTitle "EXT 2011"]
[Source "ChessBase"]
[SourceDate "2010.11.26"]
[SourceVersion "1"]
[SourceVersionDate "2010.11.26"]
[SourceQuality "1"]
[WhiteTeam "Kisujszallas"]
[BlackTeam "Kkfhazi Honved"]
[WhiteTeamCountry "HUN"]
[BlackTeamCountry "HUN"]

1. d4 Nf6 2. c4 e6 3. Nf3 c5 4. d5 d6 5. Nc3 Be7 6. e4 e5 7. h3 0-0 8. Bd3 Na6 9. Be3 h6 10. Qd2 Kh7 11. g4 Ng8 12. 0-0-0 Nc7 13. Rdg1 a6 14. g5 h5 15. Nh4 g6 16. f4 exf4 17. Bxf4 Bd7 18. e5 Be8 19. Qe2 Kg7 20. Ne4 Ne6 21. dxe6 fxe6 22. Bd2 d5 23. Nf6 dxc4 24. Nxe8+ Rxe8 25. Bxg6 c3 26. Bxc3 Bxg5+ 27. Kb1 Rf8 28. Qxh5 1-0

[Event "HUN-chT2 Maroczy 0708"]
[Site "Hungary"]
[Date "2008.05.18"]
[Round "11"]
[White "Bor, Ferenc"]
[Black "Bordos, Janos"]
[Result "1/2-1/2"]
[WhiteElo "2046"]
[BlackElo "2066"]
[PlyCount "106"]
[EventDate "2007.10.14"]
[EventType "team"]
[EventRounds "11"]
[EventCountry "HUN"]
[SourceTitle "EXT 2009"]
[Source "ChessBase"]
[SourceDate "2008.11.26"]
[SourceVersion "1"]
[SourceVersionDate "2008.11.26"]
[SourceQuality "1"]
[WhiteTeam "Koszolg"]
[BlackTeam "Teva"]
[WhiteTeamCountry "HUN"]
[BlackTeamCountry "HUN"]

1. e4 c5 2. Nf3 Nc6 3. d4 cxd4 4. Nxd4 Nf6 5. Nc3 e5 6. Ndb5 d6 7. Nd5 Nxd5 8. exd5 Ne7 9. c4 a6 10. Qa4 axb5 11. Qxa8 g6 12. Bg5 Bg7 13. Bxe7 Kxe7 14. Rc1 Qb6 15. Qa3 e4 16. c5 dxc5 17. Qxc5+ Qxc5 18. Rxc5 Bxb2 19. Rxb5 Bc3+ 20. Kd1 Bg4+ 21. Be2 Bd7 22. Rxb7 Kd6 23. Bc4 Rc8 24. Bb3 Bg4+ 25. Kc2 Bd4+ 26. Kd2 Bxf2 27. Rxf7 e3+ 28. Kd3 Bf5+ 29. Rxf5 gxf5 30. g3 Ke5 31. Rd1 h5 32. Ke2 Kd6 33. Kf3 h4 34. gxh4 Rh8 35. Bc2 f4 36. Bf5 Rxh4 37. h3 Rh8 38. Bg4 Bg3 39. Ke2 Ra8 40. Ra1 Ra3 41. Bf3 Ke5 42. d6 Kxd6 43. Rd1+ Ke5 44. Bd5 Ra5 45. Bb3 Ke4 46. Bc2+ Ke5 47. a4 Rc5 48. Bd3 Rc3 49. a5 Ra3 50. a6 Ra2+ 51. Kf3 Rf2+ 52. Kg4 Ra2 53. Kf3 Rf2+ 1/2-1/2

[Event "HUN-chT2 Maroczy 0708"]
[Site "Hungary"]
[Date "2008.03.30"]
[Round "9"]
[White "Uzonyi, David"]
[Black "Bor, Ferenc"]
[Result "1-0"]
[WhiteElo "1877"]
[BlackElo "2046"]
[PlyCount "51"]
[EventDate "2007.10.14"]
[EventType "team"]
[EventRounds "11"]
[EventCountry "HUN"]
[SourceTitle "EXT 2009"]
[Source "ChessBase"]
[SourceDate "2008.11.26"]
[SourceVersion "1"]
[SourceVersionDate "2008.11.26"]
[SourceQuality "1"]
[WhiteTeam "Hajduboszormeny"]
[BlackTeam "Koszolg"]
[WhiteTeamCountry "HUN"]
[BlackTeamCountry "HUN"]

1. e4 c5 2. c3 d5 3. exd5 Qxd5 4. d4 e5 5. Nf3 Bg4 6. Nbd2 cxd4 7. Bc4 Qd7 8. cxd4 exd4 9. 0-0 Nc6 10. Qb3 Nh6 11. Re1+ Be7 12. Bb5 Be6 13. Qa4 Bf6 14. Ne4 Nf5 15. Nc5 Qd5 16. Nxe6 fxe6 17. Bc4 Qa5 18. Rxe6+ Nfe7 19. Qc2 0-0-0 20. Bf4 Nd5 21. Qf5 Rd7 22. Rd6 Rhd8 23. Bxd5 g6 24. Qh3 g5 25. Nxg5 Be7 26. Nf7 1-0

[Event "HUN-chT2 Maroczy 0708"]
[Site "Hungary"]
[Date "2008.03.16"]
[Round "8"]
[White "Bor, Ferenc"]
[Black "Katona, Jozsef"]
[Result "1-0"]
[WhiteElo "2046"]
[BlackElo "2065"]
[PlyCount "120"]
[EventDate "2007.10.14"]
[EventType "team"]
[EventRounds "11"]
[EventCountry "HUN"]
[SourceTitle "EXT 2009"]
[Source "ChessBase"]
[SourceDate "2008.11.26"]
[SourceVersion "1"]
[SourceVersionDate "2008.11.26"]
[SourceQuality "1"]
[WhiteTeam "Koszolg"]
[BlackTeam "Oroshaza"]
[WhiteTeamCountry "HUN"]
[BlackTeamCountry "HUN"]

1. e4 c5 2. Nf3 d6 3. d4 cxd4 4. Nxd4 Nf6 5. Nc3 a6 6. a3 e6 7. Bc4 Be7 8. 0-0 0-0 9. Be3 Qc7 10. Bb3 b5 11. Re1 Nc6 12. Qe2 Nxd4 13. Bxd4 Bb7 14. f3 Rac8 15. Rad1 Rfd8 16. Qf2 Nd7 17. Qg3 Bf6 18. Bxf6 Nxf6 19. Ne2 d5 20. Qxc7 Rxc7 21. c3 Rcc8 22. e5 Nd7 23. Nd4 Nb8 24. a4 bxa4 25. Bxa4 Nc6 26. Bxc6 Bxc6 27. Ra1 Bb5 28. Ra5 Rc5 29. Kf2 Rdc8 30. Rea1 h6 31. Ke3 Bc4 32. R5a3 Rb8 33. b4 Rcc8 34. Ra5 Bb5 35. Kd2 Bc4 36. R1a3 Rb6 37. g4 g5 38. Ke3 Kg7 39. f4 gxf4+ 40. Kxf4 Rf8 41. Rc5 f6 42. h4 Rf7 43. Ra1 Kg6 44. h5+ Kg7 45. Re1 Re7 46. Rc8 fxe5+ 47. Kxe5 Bb5 48. Re3 Be8 49. Rf3 Bf7 50. Nc6 Rd7 51. Kd4 Rb5 52. Ra8 a5 53. bxa5 Rc7 54. Ne5 Rbc5 55. a6 Ra5 56. Rxf7+ Rxf7 57. Nxf7 Kxf7 58. Ke5 d4+ 59. Kxd4 Rg5 60. c4 Rxg4+ 1-0

[Event "HUN-chT2 Maroczy 0708"]
[Site "Hungary"]
[Date "2008.03.02"]
[Round "7"]
[White "Hajnal, Gyula"]
[Black "Bor, Ferenc"]
[Result "0-1"]
[WhiteElo "2045"]
[BlackElo "2046"]
[PlyCount "54"]
[EventDate "2007.10.14"]
[EventType "team"]
[EventRounds "11"]
[EventCountry "HUN"]
[SourceTitle "EXT 2009"]
[Source "ChessBase"]
[SourceDate "2008.11.26"]
[SourceVersion "1"]
[SourceVersionDate "2008.11.26"]
[SourceQuality "1"]
[WhiteTeam "Fuzesabony"]
[BlackTeam "Koszolg"]
[WhiteTeamCountry "HUN"]
[BlackTeamCountry "HUN"]

1. c4 Nc6 2. Nc3 e6 3. d4 d5 4. e3 Nf6 5. Nf3 Be7 6. Bd3 0-0 7. 0-0 dxc4 8. Bxc4 Na5 9. Bd3 c5 10. Ne2 cxd4 11. Nexd4 Bd7 12. b3 a6 13. Bb2 Bd6 14. Ne2 Qe7 15. Bxf6 gxf6 16. Ng3 Nc6 17. Rc1 Rad8 18. Bb1 f5 19. Nd4 Ba3 20. Rc4 Ne5 21. Rc7 Qd6 22. Rc2 Bb5 23. Nge2 Bb4 24. f4 Ng4 25. Rf3 e5 26. fxe5 Qxe5 27. Qc1 Qxh2+ 0-1

[Event "HUN-chT2 Maroczy 0708"]
[Site "Hungary"]
[Date "2007.11.11"]
[Round "2"]
[White "Bor, Ferenc"]
[Black "Antal, Agnes"]
[Result "1-0"]
[WhiteElo "2046"]
[BlackElo "2038"]
[PlyCount "113"]
[EventDate "2007.10.14"]
[EventType "team"]
[EventRounds "11"]
[EventCountry "HUN"]
[SourceTitle "EXT 2009"]
[Source "ChessBase"]
[SourceDate "2008.11.26"]
[SourceVersion "1"]
[SourceVersionDate "2008.11.26"]
[SourceQuality "1"]
[WhiteTeam "Koszolg"]
[BlackTeam "Barcza"]
[WhiteTeamCountry "HUN"]
[BlackTeamCountry "HUN"]

1. e4 e6 2. d4 d5 3. e5 c5 4. c3 Nc6 5. Nf3 cxd4 6. cxd4 Nh6 7. Bxh6 gxh6 8. Qd2 Bg7 9. Bd3 0-0 10. Nc3 f6 11. exf6 Qxf6 12. Ne2 Kh8 13. 0-0 Bd7 14. Rad1 Be8 15. h3 Bh5 16. Ne5 Nxe5 17. dxe5 Qxe5 18. b3 Qg5 19. f4 Qh4 20. Qe3 Bxe2 21. Bxe2 Rae8 22. Bb5 Re7 23. Rf3 a6 24. Bd3 Qf6 25. Bb1 Qf7 26. Qd3 Bf6 27. Re1 Rc8 28. Qd2 Qg7 29. Rd1 Rec7 30. Qe1 Rg8 31. Qe2 Rc3 32. Bd3 b5 33. g3 e5 34. fxe5 Bxe5 35. g4 h5 36. Bf5 Rxf3 37. Qxf3 d4 38. Qe4 Re8 39. Kg2 Qe7 40. Rd3 Bf6 41. Qxe7 Rxe7 42. a4 h4 43. Kf3 Kg7 44. axb5 axb5 45. Kf4 h6 46. Be4 Kf7 47. Bd5+ Kg6 48. b4 Bg5+ 49. Kf3 Be3 50. Bc6 Re5 51. Be4+ Kg5 52. Ra3 Re6 53. Ra5 Rf6+ 54. Bf5 Rb6 55. Bd3 Bd2 56. Ra8 Bxb4 57. Rg8+ 1-0